000 00297nam a2200109Ia 4500
008 220204s9999 xx 000 0 und d
082 _a504.3.054
_bINC
245 0 _aIndia: Greenhouse Gas Emissions 2007
260 _aIndia
_bMinistry of Environment and Forests
_c2010
300 _a64p.
942 _cBK
999 _c44836
_d44836